Online Public Access Catalogue

Whittington postgraduate medicine (Record no. 13335)

MARC details
000 -LEADER
fixed length control field 00370nam a22001577a 4500
020 ## - INTERNATIONAL STANDARD BOOK NUMBER
International Standard Book Number 0407934995
082 ## - DEWEY DECIMAL CLASSIFICATION NUMBER
Classification number 616
Author Mark ARN
100 ## - MAIN ENTRY--PERSONAL NAME
Author Name Arnold Bloom
245 ## - TITLE STATEMENT
Title Whittington postgraduate medicine
250 ## - EDITION STATEMENT
Edition statement 1
260 ## - PUBLICATION, DISTRIBUTION, ETC.
Place of publication, distribution, etc. London
Name of publisher, distributor, etc. Butterworths
Date of publication, distribution, etc. 1974
300 ## - PHYSICAL DESCRIPTION
No of Pages 331 p
illustrations Diagram
Dimensions 21 p
504 ## - BIBLIOGRAPHY, ETC. NOTE
Bibliography, Index, etc. note Include Index
650 ## - SUBJECT ADDED ENTRY--TOPICAL TERM
Subject Book Bank
Keywords IMDC
942 ## - ADDED ENTRY ELEMENTS (KOHA)
Source of classification or shelving scheme
Koha item type Books
952 ## - LOCATION AND ITEM INFORMATION (KOHA)
-- 2023-06-06
Holdings
Item status Home library Current library Shelving location Date acquired Source of acquisition Total Checkouts Full call number Barcode Date last seen Koha item type
  Islamabad Medical and Dental College Islamabad Medical and Dental College Islamabad Medical and Dental College 06/06/2023 Donated By Prof Dr Naseem Ullah Khan Ex Dean IMDC   616 ARN G-1121 06/06/2023 Books

Copyright @ IMDC Library
Islamabad Medical and Dental College
Bhara Kahu, Islamabad

  Contact the Librarian, IMDC
  Email:: library@imdcollege.edu.pk

  OPAC Customized by
  Mazhar Hussain,
  Librarian:
  Islamabad Medical and Dental College
  Email:: library@imdcollege.edu.pk